00251nam a2200097Ia 4500008004100000041000800041100002800049245002600077260003100103999001900134241105s9999 xx 000 0 und d aeng aOswal Bhavana S9182903 aSpinning Mill Complex bBNCA B-Arch ID, Punec2016 c361196d361196